2023 NFC East draft picks - Statistics

General Stats
  • This quiz has been taken 12 times
  • The average score is 11 of 29
Answer Stats
Team Pick Player Position College % Correct
Cowboys 26 Mazi Smith DT Michigan
100%
Eagles 30 Nolan Smith EDGE Georgia
100%
Eagles 9 Jalen Carter DT Georgia
88%
Cowboys 58 Luke Schoonmaker TE Michigan
75%
Giants 24 Deonte Banks CB Maryland
63%
Cowboys 212 Deuce Vaughn RB Kansas State
63%
Commanders 16 Emmanuel Forbes CB Mississippi State
63%
Eagles 105 Kelee Ringo CB Georgia
63%
Commanders 233 Andre Jones Jr EDGE Louisiana
50%
Cowboys 90 DeMarvion Overshown LB Texas
50%
Giants 73 Jalin Hyatt WR Tennessee
50%
Giants 57 John Michael Schmitz C Minnesota
38%
Eagles 66 Sydney Brown DB Illinois
38%
Eagles 188 Tanner McKee QB Stanford
38%
Giants 172 Eric Gray RB Oklahoma
25%
Commanders 47 Jartavius Martin CB Illinois
25%
Eagles 65 Tyler Steen OT Alabama
25%
Commanders 118 Braeden Daniels G Utah
13%
Commanders 193 Chris Rodriguez Jr RB Kentucky
13%
Giants 254 Gevarrius Owens S Houston
13%
Cowboys 244 Jalen Brooks WR South Carolina
13%
Giants 243 Jordon Riley DT Oregon
13%
Commanders 137 KJ Henry EDGE Clemson
13%
Eagles 249 Moro Ojomo DT Texas
13%
Commanders 97 Ricky Stromberg C Arkansas
13%
Giants 209 Tre Hawkins III CB Old Dominion
13%
Cowboys 169 Asim Richards OT North Carolina
0%
Cowboys 178 Eric Scott Jr CB Southern Mississippi
0%
Cowboys 129 Viliami Fehoko Jr DE San Jose State
0%
No matching quizzes found
Score Distribution
Percent of People with Each Score
Percentile by Number Answered
Your Score History
You have not taken this quiz